Hỏi đáp về tổ chức và hoạt động của thanh tra nhân dân

Gespeichert in:
Bibliographische Detailangaben
1. Verfasser: Quách, Dương
Format: Buch
Sprache:Undetermined
Veröffentlicht: Hà Nội Lao động 2005
Schlagworte:
Tags: Tag hinzufügen
Keine Tags, Fügen Sie den ersten Tag hinzu!
Thư viện lưu trữ: Trung tâm Học liệu Trường Đại học Cần Thơ
LEADER 00651nam a2200217Ia 4500
001 CTU_104074
008 210402s9999 xx 000 0 und d
020 |c 22500 
082 |a 353.309597 
082 |b D561 
100 |a Quách, Dương 
245 0 |a Hỏi đáp về tổ chức và hoạt động của thanh tra nhân dân 
245 0 |c Quách Dương 
260 |a Hà Nội 
260 |b Lao động 
260 |c 2005 
650 |a State-local relations,Vietnam 
650 |x Professional employees in government 
650 |z Vietnam 
904 |i Minh 
980 |a Trung tâm Học liệu Trường Đại học Cần Thơ